গৌড়ের কথা / (Record no. 54875)
[ view plain ]
| 000 -LEADER | |
|---|---|
| fixed length control field | 01067nam a2200241 a 4500 |
| 001 - CONTROL NUMBER | |
| control field | 54875 |
| 003 - CONTROL NUMBER IDENTIFIER | |
| rucl marc code | BD-RjUL |
| 005 - DATE AND TIME OF LATEST TRANSACTION | |
| control field | 20211209080200.0 |
| 008 - FIXED-LENGTH DATA ELEMENTS--GENERAL INFORMATION | |
| fixed length control field | 161112s1983 ii ||||| |||| 00| 0 ben d |
| 035 ## - SYSTEM CONTROL NUMBER | |
| System control number | (BD-RjUL)54997 |
| 040 ## - CATALOGING SOURCE | |
| Original cataloging agency | BD-RjUL |
| Language of cataloging | ben |
| Transcribing agency | BD-RjUL |
| Modifying agency | BD-RjUL |
| 041 ## - LANGUAGE CODE | |
| Language code of text/sound track or separate title | ben |
| 082 ## - DEWEY DECIMAL CLASSIFICATION NUMBER | |
| Edition number | 23 |
| Classification number | 954.14 |
| Author mark and year | MOG 1983 |
| 100 ## - MAIN ENTRY--PERSONAL NAME | |
| Personal name | মৈত্রেয়, অক্ষয়কুমার |
| 9 (RLIN) | 163579 |
| 245 10 - TITLE STATEMENT | |
| Title | গৌড়ের কথা / |
| Statement of responsibility, etc. | অক্ষয়কুমার মৈত্রেয়, দীনেশচন্দ্র সরকার ভূমিকা |
| 260 ## - PUBLICATION, DISTRIBUTION, ETC. (IMPRINT) | |
| Place of publication, distribution, etc. | কলিকাতা : |
| Name of publisher, distributor, etc. | সাহিত্যলোক, |
| Date of publication, distribution, etc. | ১৯৮৩ (১৩৯০) |
| 300 ## - PHYSICAL DESCRIPTION | |
| Pagination | [৬], ১৯৪ পৃ. ; |
| Size | ২৩ সেমি. |
| 500 ## - GENERAL NOTE | |
| General note | নির্ঘন্ট সংযুক্ত |
| 651 ## - SUBJECT ADDED ENTRY--GEOGRAPHIC NAME | |
| Geographic name | পশ্চিমবাংলা (ভারত) |
| Form subdivision | ইতিহাস |
| 9 (RLIN) | 163487 |
| Geographic name | West Bengal (India) |
| Form subdivision | History |
| 9 (RLIN) | 163580 |
| 700 ## - ADDED ENTRY--PERSONAL NAME | |
| Personal name | সরকার, দীনেশচন্দ্র |
| Fuller form of name | ভূমিকা |
| 942 ## - ADDED ENTRY ELEMENTS (KOHA) | |
| Source of classification or shelving scheme | Dewey Decimal Classification |
| Koha item type | Books |
| Lost status | Source of classification or shelving scheme | Damaged status | Not for loan | Collection code | Permanent Location | Current Location | Shelving location | Date acquired | Source of acquisition | Cost, normal purchase price | Total Checkouts | Total Renewals | Full call number | Date last seen | Date checked out | Copy number | Koha item type |
|---|---|---|---|---|---|---|---|---|---|---|---|---|---|---|---|---|---|
| Dewey Decimal Classification | Non-fiction | Central Library, University of Rajshahi | Central Library, University of Rajshahi | 29/12/1996 | Ankur prokaSoni, | 15.00 | 3 | 1 | B 954.14 MOG 1983 | 29/01/2019 | 26/06/2018 | C-2 | Books |